=LDR 00000nam 2200000 4500 =001 INLIS000000000036955 =005 20130612142717 =008 ***********************************Ind** =035 ##$$0010-061300000036955 =041 ##$$a Ind =082 ##$$a 610 =090 ##$$a 610, Jef t =100 ##$$a Jeffrey, Gary =245 ##$$a Terobosan media, penemuan dua wanita bromik pertama, Gary Jeffrey ; alih bahasa, Antonius Tri =260 ##$$a 2009 $b Jakarta =300 ##$$a 48 hlm, ilus, 25 cm =650 ##$$a Kesehatan =700 ##$$a Tri Antonius =850 ##$$a NBPNMAT